| 000 | 01244cam a2200301L 4500 | ||
|---|---|---|---|
| 001 | ocn458201270 | ||
| 003 | TZ-ArACH | ||
| 005 | 20120528101817.0 | ||
| 008 | 970701s1895 fr 000 0 fre d | ||
| 016 | 7 |
_aFRBNF311560120000004 _2FrPBN |
|
| 035 | _a(OCoLC)458201270 | ||
| 040 |
_aBDF _encafnor _bfre _cTZ-ArACH |
||
| 041 | _aFre | ||
| 049 | _aTZAA | ||
| 050 |
_aK5014.8 _b.P78 |
||
| 100 | 1 |
_aPrudhomme, Henri, _d1851-19.. _4aut _95644 |
|
| 245 | 1 | 4 |
_aCongrès de patronage de Lyon et d'Anvers et le congrès de l'Union internationale de droit pénal, _cHenri Prudhomme |
| 260 |
_aParis : _bA. Pedone, _c1895. |
||
| 300 |
_a80 p. ; _cIn-8°. |
||
| 500 | _aExtrait de "La France judiciaire", Reprinted photocopy of a book initially printed in 1895. | ||
| 650 |
_aDroit pénal _vCongrès _zFrance _95645 |
||
| 650 |
_aCriminal law _vCongress _zFrance _95646 |
||
| 856 | 4 | 2 |
_3Notice et cote du catalogue de la Bibliothèque nationale de France _uhttp://catalogue.bnf.fr/ark:/12148/cb311560125 |
| 886 | 1 |
_2intermrc _a009 _ba------------------ |
|
| 886 | 2 |
_2intermrc _a917 _b-- _oCRI _aCG014305850202P |
|
| 942 |
_2lcc _cBOOK |
||
| 999 |
_c1748 _d1748 |
||